000 00360nam a2200145 i 4500
001 bg
100 1 _aZENKOV, R. L.
245 0 _aMasiny nepreryvnogo transporta /
_cR.L. Zenkov, I.I. Ivaskov, Kolobov.
260 _aMoskva,
_c1987.
700 1 _aIVASKOV, I. I.
040 _cBPK
041 _apol
942 _cKS
008 s pl f |000 0 pol
999 _c28548
_d28548
856 _uhttp://koha.tu.koszalin.pl/cgi-bin/koha/opac-detail.pl?biblionumber=28548
_yKatalog online BPK